Advanced programming in Java 2 : updated to J2SE6 with swing servlet and RMI (Record no. 188680)

MARC details
000 -LEADER
fixed length control field 00490nam a2200157Ia 4500
005 - DATE AND TIME OF LATEST TRANSACTION
control field 20250417140801.0
008 - FIXED-LENGTH DATA ELEMENTS--GENERAL INFORMATION
fixed length control field 231217s9999 xx 000 0 und d
020 ## - INTERNATIONAL STANDARD BOOK NUMBER
International Standard Book Number 9788179928882
082 ## - DEWEY DECIMAL CLASSIFICATION NUMBER
Classification number 001.6424JAV SOM;1 R
100 ## - MAIN ENTRY--PERSONAL NAME
Personal name Somasundaram, K.
245 #0 - TITLE STATEMENT
Title Advanced programming in Java 2 : updated to J2SE6 with swing servlet and RMI
260 ## - PUBLICATION, DISTRIBUTION, ETC. (IMPRINT)
Date of publication, distribution, etc. 2009
Name of publisher, distributor, etc. Jaico
Place of publication, distribution, etc. Ahmedabad
300 ## - PHYSICAL DESCRIPTION
Extent xvi, 817
650 ## - SUBJECT ADDED ENTRY--TOPICAL TERM
Topical term or geographic name as entry element Advanced,programming,Java,updated,J2SE6,swing,servlet,RMI
942 ## - ADDED ENTRY ELEMENTS (KOHA)
Koha item type Books
Holdings
Date last seen Total Checkouts Full call number Accession number Old discount Uniform Resource Identifier Cost, replacement price Price effective from Category Lost status Damaged status Department Withdrawn status bill no. bill date Permanent Location Current Location Shelving location Entry date Vendor Cost, normal purchase price Grants Currency symbol Conversion rate Discount Discount type
26/01/2024   001.6424JAV SOM;1 R 73305 25 digital/contents/73459.pdf 371.25 26/01/2024 Books     Central Library   OD00728090207 25/02/2014 Central Library Central Library Central Library 29/09/2010 Flipkart.com 495.00 MCA RS 1 123.75 Rupees
26/01/2024   001.6424JAV SOM;2 R1 73306 25 digital/contents/73459.pdf 371.25 26/01/2024 Books     Central Library   OD00728090207 25/02/2014 Central Library Central Library Central Library 29/09/2010 Flipkart.com 495.00 MCA RS 1 123.75 Rupees
26/01/2024   001.6424JAV SOM;3 73307 25 digital/contents/73459.pdf 371.25 26/01/2024 Books     Central Library   OD00728090207 25/02/2014 Central Library Central Library Central Library 29/09/2010 Flipkart.com 495.00 MCA RS 1 123.75 Rupees

© For any Suggestions or Query, please contact the library staff @ librarian@pes.edu or Phone: +9180 2672 1983/ 2108.